| 000 | 01096cam a2200301 a 4500 | ||
|---|---|---|---|
| 001 | 32646 | ||
| 005 | 20230410103728.0 | ||
| 008 | 050531s2005 sp a b 001 0 spa | ||
| 035 | _a14245117 | ||
| 925 | 0 |
_aacquire _b1 shelf copy _xpolicy default |
|
| 942 |
_2lcc _cbk |
||
| 010 | _a2006397853 | ||
| 020 | _a8430942238 | ||
| 035 | _a(SP-BaPL)pu050000730 | ||
| 040 |
_aDLC _cDLC |
||
| 043 | _ae-sp--- | ||
| 050 | 1 | 4 |
_a315 JC 573.2 _bG643p 2005 |
| 100 | 1 | _aGonzález Cuevas, Pedro Carlos. | |
| 245 | 1 | 3 |
_aEl pensamiento politico de la derecha española en el siglo XX : _bde la crisis de la Restauración al Estado de partidos (1898-2000) / _cPedro Carlos González Cuevas. |
| 260 |
_aMadrid : _bTecnos, _cc2005. |
||
| 300 |
_a285 p. : _bill. ; _c23 cm. |
||
| 490 | 0 | _aColección Biblioteca de historia y pensamiento politico | |
| 504 | _aIncludes bibliographical references (p. [271]-277) and index. | ||
| 650 | 0 |
_aConservatism _zSpain _xHistory _y20th century. |
|
| 651 | 0 |
_aSpain _xPolitics and government _y20th century. |
|
| 923 |
_d20060123 _n125203 _sSP-BaPL |
||
| 985 | _eVENDOR LOAD | ||
| 999 |
_c24687 _d24687 |
||